Mapa de Banderas de África - Estadísticas

Estadísticas generales
  • Esta prueba ha sido intentada 302 veces
  • La puntuación promedio es 29 de 54
Respuestas en el mapa
Las respuestas están codificadas por una escala verde-roja en el mapa de la prueba según el % correcto abajo.
 
Estadísticas de respuestas
Respuesta % Correcto
Marruecos
93%
Egipto
87%
Túnez
83%
Argelia
82%
Sudáfrica
79%
Somalia
70%
Chad
69%
Nigeria
66%
República Centroafricana
66%
Libia
66%
Kenia
65%
Angola
63%
Uganda
63%
Madagascar
62%
Etiopía
62%
Sudán
62%
Lesoto
60%
Tanzania
58%
Sudán del Sur
58%
Costa de Marfil
57%
Botsuana
57%
Niger
56%
República Democrática del Congo
56%
Guinea Ecuatorial
55%
Seychelles
54%
Mozambique
54%
Cabe Verde
53%
Esuatini
53%
Yibuti
52%
Burundi
50%
Zambia
50%
Malaui
50%
República del Congo
49%
Eritrea
49%
Camerún
48%
Burkina Faso
47%
Liberia
46%
Mauritania
46%
Namibia
45%
Senegal
45%
Togo
45%
Ruanda
44%
Zimbabue
43%
Gambia
43%
Gabón
41%
Santo Tomé y Príncipe
40%
Sierra Leona
39%
Ghana
39%
Mauricio
38%
Guinea-Bisáu
36%
Mali
36%
Comoras
36%
Benín
35%
Guinea
34%
No se encontraron pruebas coincidentes
Distribución de puntuación
Porcentaje de gente con cada puntuación
Porcentaje por número respondido
Historial de tus puntuaciones
No has intentado esta prueba.